| 000 | 01502nam0a22003131 4500 | ||
|---|---|---|---|
| 001 | rc\2284046 | ||
| 005 | 20110829191830.8 | ||
| 035 | _a(NLR Aleph) 006562984 | ||
| 090 |
_a6863645 _c6863645 |
||
| 100 | _a20110829d1976 |||y0rusy50 ca | ||
| 101 | 0 | _arus | |
| 102 | _aRU | ||
| 105 | _aa z ||||| | ||
| 200 | 1 |
_aСистема школьного обслуживания северных городов _eОбзор _f[Сост. Т.М. Брагина] _gГос. ком. по гражд. стр-ву и архитектуре при Госстрое СССР, Центр. науч.-техн. информации по гражд. стр-ву и архитектуре |
|
| 210 |
_aМосква _cЦНТИ по гражд. стр-ву и архитектуре _d1976 |
||
| 215 |
_a36 с. _cил. _d21 |
||
| 225 | 1 | _aСерия "Градостроительство" | |
| 320 | _aСписок лит.: с. 34-35 | ||
| 606 |
_aШкольное строительство _yСевер СССР _2psbo |
||
| 686 |
_aЧ424(2)7 _2rubbk |
||
| 700 | 1 |
_aБрагина _bТ. М. _gТамара Михайловна |
|
| 712 | 0 | 2 |
_aЦентр научно-технической информации по гражданскому строительству и архитектуре _cМосква _3RU\NLR\AUTH\889927707 |
| 801 | 0 |
_aRU _bNLR _gpsbo |
|
| 801 | 1 |
_aRU _bELAR _2rusmarc |
|
| 852 |
_aNLR _j76-6/5970 |
||
| 899 |
_aRuMoRGB _jБ 76-54/1161 |
||
| 899 |
_aRuMoRGB _jБ 76-54/1162 |
||
| 942 | _cBOOK | ||
| 980 | _aNB | ||